The Secretary of State on faith of our fathers. (Record no. 90045)

MARC details
000 -LEADER
fixed length control field 01051cam a22002771 4500
001 - CONTROL NUMBER
control field sd 54000002
003 - CONTROL NUMBER IDENTIFIER
control field DLC
005 - DATE AND TIME OF LATEST TRANSACTION
control field 20260227112736.0
008 - FIXED-LENGTH DATA ELEMENTS--GENERAL INFORMATION
fixed length control field 920415s1954 dcu f000 0 eng c
010 ## - LIBRARY OF CONGRESS CONTROL NUMBER
LC control number sd 54000002
035 ## - SYSTEM CONTROL NUMBER
System control number (OCoLC)25648823
040 ## - CATALOGING SOURCE
Original cataloging agency U.S. Dept. of State. Library
Transcribing agency DS
Modifying agency DS
-- DLC
050 00 - LIBRARY OF CONGRESS CALL NUMBER
Classification number BR516
Item number .A35
110 1# - MAIN ENTRY--CORPORATE NAME
Corporate name or jurisdiction name as entry element United States.
Subordinate unit Department of State.
245 04 - TITLE STATEMENT
Title The Secretary of State on faith of our fathers.
260 ## - PUBLICATION, DISTRIBUTION, ETC.
Place of publication, distribution, etc. [Washington,
Name of publisher, distributor, etc. U.S. Govt. Print. Off.,
Date of publication, distribution, etc. 1954]
300 ## - PHYSICAL DESCRIPTION
Extent 13 p.
Dimensions 20 cm.
490 1# - SERIES STATEMENT
Series statement Its Publication
Volume/sequential designation 5300
490 1# - SERIES STATEMENT
Series statement General foreign policy series,
Volume/sequential designation 84
500 ## - GENERAL NOTE
General note "Based on an address made by John Foster Dulles, Secretary of State, at the First Presbyterian Church of Watertown, N.Y., October 11, 1953."
651 #0 - SUBJECT ADDED ENTRY--GEOGRAPHIC NAME
Geographic name United States
General subdivision Religion.
700 1# - ADDED ENTRY--PERSONAL NAME
Personal name Dulles, John Foster,
Dates associated with a name 1888-1959.
740 0# - ADDED ENTRY--UNCONTROLLED RELATED/ANALYTICAL TITLE
Uncontrolled related/analytical title Faith of our fathers.
830 #0 - SERIES ADDED ENTRY--UNIFORM TITLE
Uniform title Department of State publication ;
Volume/sequential designation 5300.
830 #0 - SERIES ADDED ENTRY--UNIFORM TITLE
Uniform title Department of State publication.
Name of part/section of a work General foreign policy series ;
Volume/sequential designation 84.

No items available.

Powered by Koha